000
00238nam a2200097Ia 4500
001
698342
005
20250826162049.0
008
250824s9999 xx 000 0 und d
245
0
_a
DÜŞÜN VE BAŞAR
_c
MUHAMMED BOZDAĞ
260
_b
YEDİVEREN
999
_c
698342
_d
698342